000 00761nam a22002537a 4500
003 dpl
005 20170124110005.0
008 161216b xxu||||| |||| 00| 0 eng d
010 _aA-933585
020 _c175.00
_a8120312147
035 _aA-933585
037 _bCen Lib/Ret
040 _aDPL
_bEN
_ctit
082 _a327.73054
_bCLY
100 _aClymer, Kenton J.
_916696
245 _aQuest for freedom :
_cby Kenton J. Clymer
_bunited state and India's independence /
260 _aNew Delhi
_bPrentice hall of India
_c1997
270 _bNew Delhi
300 _a393p.
_c20cm(Hb)
500 _a Includes index
650 _aInternational relations
_916697
650 _aForeign policy
_95145
942 _2ddc
_cEN
_h327.73054
_mCLY
999 _c126139
_d126139